Normal view
MARC view
Entry Topical Term
001 - CONTROL NUMBER
- control field: 77463
003 - CONTROL NUMBER IDENTIFIER
- control field: OSt
005 - DATE AND TIME OF LATEST TRANSACTION
- control field: 20191205164555.0
008 - FIXED-LENGTH DATA ELEMENTS
- fixed length control field: 191205|| aca||aabn | a|a d
040 ## - CATALOGING SOURCE
- Original cataloging agency: OSt
- Transcribing agency: OSt
150 ## - HEADING--TOPICAL TERM
- Topical term or geographic name entry element: Stories
670 ## - SOURCE DATA FOUND
- Source citation: Work cat.: (OSt): Gowanlock, Theresa 77462, Two Months in The Camp of Big Bear , 2019









